000 00535nam a2200169 i 4500
001 134304
003 ES-MaACL
007 t|
008 070907s1975 ne ||||1| ger d
100 1 _aWatson, James D.
_9116190
245 1 0 _aMolekularbiologie des gens /
_cJames D. Watson ; ubersetzt von Anneliese Schimpl.
250 _aZweite ausgabe.
260 _aAmsterdam :
_bInter European Editions,
_c[1975]
300 _aXVIII, 622 p. :
_bil. ;
_c23 cm.
700 1 _aSchimp, Anneliese.
_9104369
852 _aES-MaACL
_jE-8995
_bR.93294
999 _c134304
_d134304